000 00852nam a22002777a 4500
001 BR7705425
003 BR-BrBNA
005 20230928085440.0
007 ta
008 230509b bl.||||| |||| 00| 0 por d
040 _aBR-BrBNA
_bpor
_cBiblioteca Nacional de Agricultura
041 _a(Por)
072 _aE30; F00
_b0336
_b/G514
090 _ 0336 BR7705425
110 1 _aEmpresa de Assistencia Tecnica e Extensao Rural do Estado do Maranhao, Sao Luis (Brasil)
_94038
245 1 _aPlano para instalacao de unidades de observacao para cultura da soja no Estado do Maranhao [Brasil]
260 3 _aSao Luis, MA (Brasil):
_c1977.
300 _a13 p.
650 _aPROJETO AGRICOLA
650 _aPRODUCAO VEGETAL
650 _aEXTENSAO RURAL
650 _aSOJA
650 _aMARANHAO
909 _a202309
_bLucia
_c55
_dLucia Elande
942 _cBK
999 _c24483
_d24483